| 000 | 01580nam a22003017a 4500 | ||
|---|---|---|---|
| 005 | 20100512142156.0 | ||
| 008 | 100512t xxu||||| |||| 00| 0 eng d | ||
| 010 | _aENG-96044 B-441115-116 | ||
| 020 |
_a9788180385902 _c1995.00 |
||
| 035 | _aEN-79577 B-441115-116 | ||
| 037 | _bDBAD/PUB | ||
| 037 | _bAllied Pub/Ven | ||
| 040 |
_aDPL _bEng |
||
| 082 | _a345.405002632 | ||
| 100 |
_aRanchhoddas,Ratanlal _917289 |
||
| 245 |
_aRatanlal & Dhirajlal's the Indian Penal Code : _cby Ratanlal Ranchhoddas [and] Dhirajlal Keshavlal Thakore _bAct XLV of 1860 / |
||
| 250 | _a32nd rev. & enl. ed. | ||
| 260 |
_aGurgaon _bLexisnexis Butterworths _c2010 |
||
| 270 |
_a14th Floor, Building No. 10, Tower-B, DLF Cyber city, Phase-II _bGurgaon _e122002 |
||
| 300 |
_accclxxxvi,2971p. _c24cm (Hb) |
||
| 500 | _aIncludes index | ||
| 700 |
_aThakore, Dhirajlal Keshavlal _917290 |
||
| 942 |
_2ddc _cEN _mRAN _h345.405002632 |
||
| 999 |
_c35984 _d35984 |
||